Kolektivní vyjednávání a generální dohoda.

Kolektívne vyjednávanie a tripartita. Rada hospodárskej a sociálnej dohody ako dohadovací a iniciačný orgán vlády, odborov a zamestnávateľov. Úloha generálnej dohody ako mechanizmu hľadania riešení jednotlivých problémov.

Saved in:
Bibliographic Details
Main Author: Průša, Ladislav
Format: Book Chapter
Language:Czech
Subjects:
Tags: Add Tag
No Tags, Be the first to tag this record!

MARC

LEADER 00000naa a2200000 4500
001 r009462
005 20220831085018.8
041 0 |a cze 
044 |a [CS] 
245 1 0 |a Kolektivní vyjednávání a generální dohoda.  |c L. Průša 
520 |a Kolektívne vyjednávanie a tripartita. Rada hospodárskej a sociálnej dohody ako dohadovací a iniciačný orgán vlády, odborov a zamestnávateľov. Úloha generálnej dohody ako mechanizmu hľadania riešení jednotlivých problémov. 
610 2 0 |a politika sociálna 
610 2 0 |a procesy sociálno-ekonomické 
610 2 0 |a ČSFR 
610 2 0 |a odbory 
610 2 0 |a zamestnávatelia 
610 2 0 |a vyjednávanie kolektívne 
610 2 0 |a vláda 
100 1 |a Průša, Ladislav